000 00268nam a22001217a 4500
008 170928b xxu||||| |||| 00| 0 eng d
041 _aeng
080 _22ND
_a37
100 _a47
101 _aEDU
245 _aVOICES FROM THE FIELD
_cCOVERDELL,P.D
942 _2udc
_cBK
999 _c30461
_d30461